000 00695nam a2200289Ia 4500
005 20260324131004.0
008 008 260324s9999 xx 000 0 eng d
020 _a9780203029398
037 _aEBOOK
040 _aCRL
040 _beng
040 _cCRL
041 _2eng
041 _aeng
084 _qCRL
100 _aTim Oakes; Louisa Schein
_91183796
245 0 _aTranslocal China
245 0 _bLinkages, Identities and the Reimagining of Space
260 _bTaylor and Francis
260 _c2006
365 _a
365 _b300
856 _uhttp://www.taylorfrancis.com/books/9780203029398
942 _cEBOOK
999 _c1780563
_d1780563